[Event "Buenos Aires CC Argentino op1"]
[Site "Buenos Aires"]
[Date "2014.07.10"]
[Round "3"]
[White "Dolezal, Cristian"]
[Black "Milher, Alberto Luis"]
[Result "1-0"]
[WhiteElo "2418"]
[BlackElo "1735"]
[PlyCount "87"]
[EventDate "2014.07.02"]
[EventType "swiss"]
[EventRounds "9"]
[EventCountry "ARG"]
[SourceTitle "EXT 2016"]
[Source "ChessBase"]
[SourceDate "2015.10.08"]
[SourceVersion "1"]
[SourceVersionDate "2015.10.08"]
[SourceQuality "1"]

1. e4 c5 2. Nf3 Nc6 3. d4 cxd4 4. Nxd4 Nf6 5. Nc3 a6 6. Nb3 d6 7. Be2 e5 8. Bg5 Be7 9. Qd3 Be6 10. 0-0-0 Rc8 11. Bxf6 gxf6 12. Kb1 h5 13. Qg3 Kf8 14. Nd5 f5 15. exf5 Bxf5 16. Bd3 Bh4 17. Qe3 Bg5 18. Qe2 Be6 19. Be4 f5 20. Qf3 Kg7 21. Bxf5 Rf8 22. Bxe6 Rxf3 23. gxf3 Rb8 24. h4 Bf4 25. Rdg1+ Kh6 26. Bf5 Qe8 27. c3 Qf7 28. Rg6+ Qxg6 29. Bxg6 Kxg6 30. Rg1+ Kf7 31. Nxf4 exf4 32. Rg5 Rg8 33. Rxh5 Rg1+ 34. Nc1 Kg6 35. Rd5 Ne5 36. Rxd6+ Kh5 37. Rd5 Re1 38. Kc2 Kxh4 39. Nd3 Nxd3 40. Kxd3 Rf1 41. Ke2 Rb1 42. Rd2 b5 43. Kd3 a5 44. Ke4 1-0

[Event "ARG-chT8 fin email"]
[Site "LADAC email"]
[Date "2006.01.01"]
[Round "?"]
[White "Milher, Alberto Luis"]
[Black "Alvarez, Eduardo"]
[Result "1-0"]
[WhiteElo "2569"]
[BlackElo "2148"]
[PlyCount "71"]
[EventDate "2006.01.01"]
[EventType "tourn (corr)"]
[EventRounds "11"]
[EventCountry "ARG"]
[SourceTitle "Corr 2011"]
[Source "ChessBase"]
[SourceDate "2010.08.31"]
[SourceVersion "1"]
[SourceVersionDate "2010.08.31"]
[SourceQuality "1"]

1. e4 e5 2. Nf3 Nc6 3. Bb5 a6 4. Ba4 Nf6 5. 0-0 b5 6. Bb3 Be7 7. Re1 d6 8. c3 0-0 9. h3 Na5 10. Bc2 c5 11. d4 cxd4 12. cxd4 Qc7 13. Nbd2 Bb7 14. d5 Rac8 15. Bd3 Nd7 16. Nf1 Nc4 17. Ng3 Nc5 18. Bc2 Nd7 19. Nf5 Bd8 20. b3 Ncb6 21. Bd3 Nc5 22. Bc2 g6 23. Ne3 Qd7 24. g4 f6 25. Bd2 Qg7 26. Rc1 Rf7 27. a3 Rcc7 28. h4 Ba8 29. Kh1 Qh8 30. h5 Bb7 31. Rg1 Bc8 32. Rg2 Rf8 33. Rh2 g5 34. h6 Rcf7 35. Nf5 Bb7 36. Nxd6 1-0

[Event "Chesspangenberg op 1st"]
[Site "Buenos Aires"]
[Date "2003.11.05"]
[Round "2"]
[White "Milher, Alberto Luis"]
[Black "Veron, Jorge"]
[Result "1/2-1/2"]
[WhiteElo "2273"]
[BlackElo "1946"]
[PlyCount "73"]
[EventDate "2003.11.04"]
[EventType "swiss"]
[EventRounds "9"]
[EventCountry "ARG"]
[SourceTitle "EXT 2004"]
[Source "ChessBase"]
[SourceDate "2003.11.25"]
[SourceVersion "1"]
[SourceVersionDate "2003.11.25"]
[SourceQuality "1"]

1. e4 c6 2. d4 d5 3. Nc3 dxe4 4. Nxe4 Nd7 5. Bd3 Ngf6 6. Nf3 Nxe4 7. Bxe4 Nf6 8. Bd3 Bg4 9. c3 e6 10. 0-0 Be7 11. Re1 0-0 12. h3 Bh5 13. g4 Bg6 14. Bxg6 hxg6 15. Ne5 Nd7 16. Bf4 Nxe5 17. Bxe5 Bd6 18. Qe2 Bxe5 19. Qxe5 Qb6 20. b4 Rad8 21. Qc5 Rd5 22. Qxb6 axb6 23. f4 Rfd8 24. Re5 Rxe5 25. fxe5 c5 26. bxc5 bxc5 27. Rb1 cxd4 28. cxd4 Rxd4 29. Rxb7 Rd1+ 30. Kf2 Rd2+ 31. Kg3 Rxa2 32. Rb8+ Kh7 33. Kf4 Ra4+ 34. Kg5 Re4 35. Rb5 Kg8 36. Rb8+ Kh7 37. Rb5 1/2-1/2

[Event "Najdorf Memorial op"]
[Site "Buenos Aires"]
[Date "2002.09.28"]
[Round "6.62"]
[White "Roncal, Jose"]
[Black "Milher, Alberto Luis"]
[Result "1-0"]
[WhiteElo "2053"]
[BlackElo "2319"]
[PlyCount "43"]
[EventDate "2002.09.23"]
[EventType "swiss"]
[EventRounds "8"]
[EventCountry "ARG"]
[SourceTitle "CBM 090 Extra"]
[Source "ChessBase"]
[SourceDate "2002.11.07"]
[SourceVersion "1"]
[SourceVersionDate "2002.11.07"]
[SourceQuality "1"]

1. d4 Nf6 2. c4 g6 3. Nc3 Bg7 4. e4 d6 5. Be2 0-0 6. Nf3 a5 7. 0-0 e5 8. d5 c5 9. dxc6 Nxc6 10. Bg5 h6 11. Bh4 g5 12. Bg3 Nh5 13. Qd2 Nxg3 14. fxg3 f5 15. Rad1 Qb6+ 16. Kh1 g4 17. Nh4 Rf6 18. exf5 h5 19. Ne4 Qd4 20. Nxf6+ Bxf6 21. Qh6 Bg7 22. Qg6 1-0

[Event "Antonio Roura mem-B corr"]
[Site "LADAC Email"]
[Date "2001.09.30"]
[Round "?"]
[White "Arditi Rocha, Luis Felix"]
[Black "Milher, Alberto Luis"]
[Result "0-1"]
[WhiteElo "2254"]
[BlackElo "2323"]
[PlyCount "82"]
[EventDate "2001.??.??"]
[EventType "tourn (corr)"]
[EventRounds "16"]
[SourceTitle "Corr 2004"]
[Source "ChessBase"]
[SourceDate "2003.04.28"]
[SourceVersion "3"]
[SourceVersionDate "2003.04.28"]
[SourceQuality "1"]

1. e4 c5 2. Nc3 Nc6 3. g3 g6 4. Bg2 a6 5. d3 Bg7 6. f4 e6 7. Nf3 Nge7 8. Be3 b6 9. d4 d6 10. e5 Nf5 11. Bf2 cxd4 12. Nxd4 Nfxd4 13. Bxd4 Bb7 14. 0-0 dxe5 15. fxe5 Qxd4+ 16. Qxd4 Nxd4 17. Bxb7 Ra7 18. Rad1 Nxc2 19. Bc6+ Ke7 20. Rf2 Ne3 21. Re1 Ng4 22. Rfe2 Bxe5 23. Bf3 Bxc3 24. bxc3 Nf6 25. Rb1 b5 26. Rb4 Rc8 27. Rb3 Rac7 28. Re3 h5 29. Ra3 g5 30. Kf2 g4 31. Bg2 Nd7 32. Rxa6 Rxc3 33. Bb7 Rc2+ 34. Re2 Rxe2+ 35. Kxe2 Rc2+ 36. Ke3 Rxh2 37. Bc6 Nc5 38. Ra7+ Kd6 39. Bxb5 f5 40. a4 h4 41. Ra8 hxg3 0-1

[Event "Antonio Roura mem-B corr"]
[Site "LADAC Email"]
[Date "2001.09.30"]
[Round "?"]
[White "Gerzina, Mitja"]
[Black "Milher, Alberto Luis"]
[Result "1/2-1/2"]
[WhiteElo "2384"]
[BlackElo "2323"]
[PlyCount "107"]
[EventDate "2001.??.??"]
[EventType "tourn (corr)"]
[EventRounds "16"]
[SourceTitle "Corr 2004"]
[Source "ChessBase"]
[SourceDate "2003.04.28"]
[SourceVersion "3"]
[SourceVersionDate "2003.04.28"]
[SourceQuality "1"]

1. e4 c5 2. Nf3 d6 3. d4 cxd4 4. Nxd4 Nf6 5. Nc3 a6 6. Be3 Ng4 7. Bg5 h6 8. Bh4 g5 9. Bg3 Bg7 10. Be2 h5 11. Bxg4 Bxg4 12. f3 Bd7 13. Bf2 Nc6 14. 0-0 e6 15. Nxc6 Bxc6 16. Bd4 Be5 17. Qd2 Qf6 18. Bxe5 Qxe5 19. Rad1 0-0-0 20. b4 h4 21. a4 h3 22. g4 d5 23. exd5 Bxd5 24. Qd4 Qxd4+ 25. Rxd4 Bc6 26. Rc4 Kb8 27. b5 axb5 28. axb5 Be8 29. Rc5 b6 30. Rxg5 Rc8 31. Ne4 Rxc2 32. Nf6 Kc7 33. Nxe8+ Rxe8 34. Rh5 Rg2+ 35. Kh1 Rb2 36. Rxh3 Kd6 37. f4 Rxb5 38. Rd3+ Rd5 39. Rb3 b5 40. Kg2 Rg8 41. Kg3 Kc6 42. h4 Rd4 43. g5 b4 44. h5 e5 45. Kg4 Kc5 46. h6 exf4 47. Rc1+ Kd6 48. Rh1 f3+ 49. Kf5 f2 50. h7 Rh8 51. Rf3 Ke7 52. Rxf2 Rd5+ 53. Kg4 Rd4+ 54. Kf5 1/2-1/2